01741cam a22003614i 4500003000900000005001700009008004100026035001900067040003300086082002000119245005700139264004400196300003900240336002100279337002500300338002300325490002900348505083000377526001001207526001001217526001001227526001001237526000801247526000801255526000801263526000801271526000801279526000801287526000801295650002601303650002201329650002801351PE-LiUPU20250731172811.0150617s r 000 0 d a(Sirsi) a13515 aPE-LiUPUbspacPE-LiUPUerda04a235.47bB2822110aSatán /cBazín Germain y otros 32 colaboradores. 1aParís :bDesclée De Brouwer,c1948. a666 páginas ;c22 centímetros. atext2rdacontent aunmediated2rdamedia avolume2rdacarrier0 a(Etudes Carmélitaines)0 aExistence. Ange ou béte?. Un ange déchu, un ange pourtant. Du péché de satán et de la destinée de l'esprit. Le démon dans l'oeuvre de saint Jean de la Croix. Sainte Thérése de Jésus et démon. -Histoire. L'Adversaire du Dieu. -Le diable et la conversion des païens. Note sur dualisme Mazdéen. Le prince des ténébres en son royaune. Les Yezidis du Mont Sindjar "adorateurs d'Iblis. -Aspects. Réflexions sur Satán en marge de la tradition Judéo-Chrétienne. -Répression. Les démoniaques dans P'Evangile. L'exorciste devant les manifestations diaboliques. La civilisation chrétienne du XVI siécle devant le probléme satanique. Les confessions d'une possédée, Jeanne Fery (1584-1585). La confession de Boullan. -Thérapeutique. Le diable chez l'enfant. Satan, Serpent, Scorpion. aSEG42 aSEG41 aSEG40 aSEG39 aP94 aP87 aP86 aP85 aP77 aP76 aP3510aDiabloxCristianismo.24aDiablo en el arte20aDiablo en la literatura